01057nam a2200205Ia 450000500170000000800410001702000190005805000220007705000220009910000350012124500740015626000460023030000180027650000810029450400760037550503260045165000280077765000200080565000260082520231102151312.0120720s1998 mx 000 0 spa d a9789688603505  aRC480.7bD53 2012 aRC480.7bD53 20151 aDíaz Portillo, Isabeleautor aTécnica de la entrevista psicodinámicac / Isabel Díaz Portillo aMéxicob : Pax Méxicoc , 2012 , 2015 a208 páginas aIncluye: Tabla de contenido A manera de prólogo Introducción Dedicatoria aBibliografía (pp. 207-208) Bibliografía al final de cada capítulo aPrincipios psicodinámicos La entrevista clínica. Definición El entrevistador Manejo técnico de actitudes resistenciales El inicio de la entrevista Interrogatorio de los síntomas Investigación de las historia personal y familiar Integración de los datos de entrevista La entrevista con pacientes psicóticos 0aENTREVISTAS PSIQUIATRIA 0aPSICOANÁLISIS 0aPSICOLOGÍA APLICADA